000
00264nam a2200121Ia 4500
082
_a
612.015
_b
B11R
100
_a
RAJE, V.N.
245
_a
BIOCHEMISTRY AND CLINICAL PHYSIOLOGY
260
_b
CBS- DELHI
300
_a
150
650
_a
PHARMACEUTICS
942
_2
ddc
_c
BK
999
_c
7218
_d
7218